| 000 | 00571nam a22001817a 4500 | ||
|---|---|---|---|
| 005 | 20251108165309.0 | ||
| 008 | 250721s1970 xx 000 0 ara d | ||
| 082 | 1 | 4 | _a956.52/حسن |
| 100 | 1 | _aظاظا، حسن | |
| 245 | 1 | 0 | _aالقدس مدينة الله . . .؟ أم مدينة داود . . .؟ / |
| 264 | 1 |
_aالإسكندرية : _bمطبعة جامعة الإسكندرية، _c1970. |
|
| 300 | _a45ص | ||
| 650 | 1 | 7 | _aتاريخ فلسطين |
| 650 | 1 | 7 | _aتاريخ القدس |
| 650 | 1 | 7 | _aالمدن العربية |
| 942 |
_2ddc _cBK |
||
| 999 |
_c24420 _d24420 |
||